Пиеси на Уилям Шекспир - Statistics

General Stats
  • This quiz has been taken 5 times
  • The average score is 14 of 34
Answer Stats
Answer % Correct
Отело
100%
Ромео и Жулиета
100%
Хамлет
100%
Антоний и Клеопатра
75%
Венецианският търговец
75%
Както ви харесва
75%
Макбет
75%
Сън в лятна нощ
75%
Ричард II
75%
Ричард III
75%
Бурята
50%
Комедия от грешки
50%
Крал Лир
50%
Много шум за нищо
50%
Веселите уиндзорки
25%
Двамата веронци
25%
Дванайсета нощ
25%
Добрият край оправя всичко
25%
Кориолан
25%
Мяра за мяра
25%
Напразни усилия на любовта
25%
Перикъл
25%
Тит Андроник
25%
Укротяване на опърничавата
25%
Цимбелин
25%
Юлий Цезар
25%
Хенри IV
25%
Хенри V
25%
Хенри VI
25%
Хенри VIII
25%
Зимна приказка
0%
Крал Джон
0%
Тимон от Атина
0%
Троил и Кресида
0%
No matching quizzes found
Score Distribution
Percent of People with Each Score
Percentile by Number Answered
Your Score History
You have not taken this quiz